Los Canteros Lieves y Maeda en la Baja Extremadura del S. XVI : aportes documentales / Juan Miguel Fernández Sánchez aportes documentales / Juan Miguel Fernández Sánchez
ISBN:
978-84-7671-964-0
Publicado:
Badajoz :
Junta de Extremadura. Consejería de Cultura. Archivo Histórico Provincial de Badajoz ,
2007
Descripción Física:
195 p. ; 24 cm
MARC
| LEADER | 00000nam a2200000Ia 4500 | ||
|---|---|---|---|
| 001 | 18799 | ||
| 003 | BGR | ||
| 005 | 20260324180029.0 | ||
| 008 | 160829s2007 xx 000 0 cat d | ||
| 020 | |a 978-84-7671-964-0 | ||
| 080 | |a C-2-490 | ||
| 100 | |a Fernández Sánchez, Juan Miguel |9 44353 | ||
| 245 | |a Los Canteros Lieves y Maeda en la Baja Extremadura del S. XVI : |b aportes documentales / Juan Miguel Fernández Sánchez | ||
| 260 | |a Badajoz : |b Junta de Extremadura. Consejería de Cultura. Archivo Histórico Provincial de Badajoz, |c 2007 | ||
| 300 | |a 195 p. ; |c 24 cm | ||
| 590 | |a Bibliografia | ||
| 650 | |a Lieves y Maeda |x Família |9 44354 | ||
| 650 | |a Picapedrers |x Badajoz |x S. XVI |9 44355 | ||
| 710 | 1 | |a Extremadura. |b Consejería de Cultura |9 54127 | |
| 710 | 1 | |a Archivo Histórico Provincial de Badajoz |9 70427 | |
| 901 | |a Arxiu | ||
| 942 | |n 1 |2 udc |c MON | ||
| 952 | |0 0 |1 0 |4 0 |6 C2490 |7 1 |9 51904 |a Arxiu |b Arxiu |d 2016-12-01 |l 0 |o C-2-490 |p 18799 |r 2016-12-01 00:00:00 |w 2016-12-01 |y ARXIU | ||
| 999 | |c 55750 |d 55750 | ||